Kriminologie: eine Grundlegung
| 1. VerfasserIn: | |
|---|---|
| Medienart: | Druck Buch |
| Sprache: | Deutsch |
| Veröffentlicht: |
Bern Stuttgart Wien
Haupt
1994
|
| In: | Jahr: 1994 |
| Online-Zugang: |
Inhaltsverzeichnis (kostenfrei) Rezension (Verlag) |
| Bestand in Tübingen: | In Tübingen vorhanden. IFK: A I 348 UB: KB 19 A 1950 |
| Verfügbarkeit prüfen: | HBZ Gateway |
| Subito Bestelldienst: | Jetzt bestellen. |
| Schlagwörter: |
MARC
| LEADER | 00000cam a2200000 c 4500 | ||
|---|---|---|---|
| 001 | 147840171 | ||
| 003 | DE-627 | ||
| 005 | 20260130075356.0 | ||
| 007 | tu | ||
| 008 | 940323s1994 sz ||||| 00| ||ger c | ||
| 015 | |a 94,N11,0227 |2 dnb | ||
| 016 | 7 | |a 940496763 |2 DE-101 | |
| 020 | |a 3825217582 |9 3-8252-1758-2 | ||
| 020 | |a 3258048371 |9 3-258-04837-1 | ||
| 035 | |a (DE-627)147840171 | ||
| 035 | |a (DE-576)038519747 | ||
| 035 | |a (DE-599)DNB940496763 | ||
| 035 | |a (OCoLC)75398503 | ||
| 035 | |a (OCoLC)75398503 | ||
| 040 | |a DE-627 |b ger |c DE-627 |e rakwb | ||
| 041 | |a ger | ||
| 044 | |c XA-CH |c XA-DE |c XA-AT | ||
| 084 | |a PH 8030 |2 rvk |0 (DE-625)rvk/136484: | ||
| 100 | 1 | |a Kunz, Karl-Ludwig |d 1947- |0 (DE-588)115608389 |0 (DE-627)077359437 |0 (DE-576)161868452 |4 aut | |
| 109 | |a Kunz, Karl-Ludwig 1947- |a Kunz, Karl Ludwig 1947- | ||
| 245 | 1 | 0 | |a Kriminologie |b eine Grundlegung |c Karl-Ludwig Kunz |
| 264 | 1 | |a Bern |a Stuttgart |a Wien |b Haupt |c 1994 | |
| 300 | |a XV, 405 S. |b graph. Darst. | ||
| 336 | |a Text |b txt |2 rdacontent | ||
| 337 | |a ohne Hilfsmittel zu benutzen |b n |2 rdamedia | ||
| 338 | |a Band |b nc |2 rdacarrier | ||
| 490 | 0 | |a UTB für Wissenschaft |a Uni-Taschenbücher |v 1758 |a Rechtswissenschaft | |
| 583 | 1 | |a Archivierung/Langzeitarchivierung gewährleistet |f PEBW |x XA-DE-BW |2 pdager |5 DE-24 | |
| 655 | 7 | |a Lehrbuch |0 (DE-588)4123623-3 |0 (DE-627)104270187 |0 (DE-576)209561262 |2 gnd-content | |
| 689 | 0 | 0 | |d g |0 (DE-588)4011882-4 |0 (DE-627)104704861 |0 (DE-576)208896155 |a Deutschland |2 gnd |
| 689 | 0 | 1 | |d s |0 (DE-588)4033197-0 |0 (DE-627)106258532 |0 (DE-576)209000562 |a Kriminologie |2 gnd |
| 689 | 0 | |5 DE-101 | |
| 689 | 1 | 0 | |d s |0 (DE-588)4033197-0 |0 (DE-627)106258532 |0 (DE-576)209000562 |a Kriminologie |2 gnd |
| 689 | 1 | |5 (DE-627) | |
| 787 | 0 | 8 | |i Rezensiert in |a Arndt, Jörg |t [Rezension von: Kunz, Karl-Ludwig, 1947-, Kriminologie] |d 1996 |w (DE-627)1950631923 |
| 787 | 0 | 8 | |i Rezensiert in |a Scheerer, Sebastian, 1950 - |t [Rezension von: Kunz, Karl-Ludwig, 1947-, Kriminologie] |d 1996 |w (DE-627)1950641821 |
| 856 | 4 | 2 | |u http://www.socialnet.de/rezensionen/isbn.php?isbn=978-3-8252-1758-7 |m V:DE-601 |m B:socialnet. |q text/html |v 201307-05 |x Verlag |y Rezension (socialnet.) |3 Rezension |7 1 |
| 856 | 4 | 2 | |u http://www.gbv.de/dms/spk/sbb/recht/toc/271927720.pdf |x Verlag |z kostenfrei |3 Inhaltsverzeichnis |7 0 |
| 936 | r | v | |a PH 8030 |b Handbücher, Lehrbücher, Gesamtdarstellungen etc. zur gesamten Kriminologie und deren Einzelgebieten |k Rechtswissenschaft |k Strafrecht, Strafverfahrensrecht, Kriminologie |k Kriminologie |k Allgemeines |k Handbücher, Lehrbücher, Gesamtdarstellungen etc. zur gesamten Kriminologie und deren Einzelgebieten |0 (DE-627)1271948230 |0 (DE-625)rvk/136484: |0 (DE-576)201948230 |
| 951 | |a BO | ||
| ELC | |b 1 | ||
| LOK | |0 000 xxxxxcx a22 zn 4500 | ||
| LOK | |0 001 3235367837 | ||
| LOK | |0 003 DE-627 | ||
| LOK | |0 004 147840171 | ||
| LOK | |0 005 20020522000000 | ||
| LOK | |0 008 940715||||||||||||||||ger||||||| | ||
| LOK | |0 040 |a DE-21 |c DE-627 |d DE-21 | ||
| LOK | |0 852 |a DE-21 | ||
| LOK | |0 852 1 |c KB 19 A 1950 |9 00 | ||
| LOK | |0 935 |a krim | ||
| LOK | |0 936ln |a k1.4 | ||
| LOK | |0 939 |a 15-07-94 |b l01 | ||
| LOK | |0 000 xxxxxcx a22 zn 4500 | ||
| LOK | |0 001 3235367918 | ||
| LOK | |0 003 DE-627 | ||
| LOK | |0 004 147840171 | ||
| LOK | |0 005 20060505164739 | ||
| LOK | |0 008 060505||||||||||||||||ger||||||| | ||
| LOK | |0 040 |a DE-21-110 |c DE-627 |d DE-21-110 | ||
| LOK | |0 541 |e 94/398 | ||
| LOK | |0 689 |a s |a Kriminologie | ||
| LOK | |0 689 |a f |a Lehrbuch | ||
| LOK | |0 689 |a s |a Entwicklung | ||
| LOK | |0 689 |a s |a Kriminalitätstheorien | ||
| LOK | |0 689 |a s |a Kriminalisierungstheorien | ||
| LOK | |0 689 |a s |a Kriminalpolitik | ||
| LOK | |0 852 |a DE-21-110 | ||
| LOK | |0 852 1 |c A I 348 |m p |9 00 | ||
| LOK | |0 936ln |a 1.4 | ||
| LOK | |0 938 |k p | ||
| LOK | |0 939 |a 05-05-06 |b l01 | ||
| LOK | |0 000 xxxxxcx a22 zn 4500 | ||
| LOK | |0 001 3235367926 | ||
| LOK | |0 003 DE-627 | ||
| LOK | |0 004 147840171 | ||
| LOK | |0 005 20060505164814 | ||
| LOK | |0 008 060505||||||||||||||||ger||||||| | ||
| LOK | |0 040 |a DE-21-110 |c DE-627 |d DE-21-110 | ||
| LOK | |0 541 |e 95/276 | ||
| LOK | |0 689 |a s |a Kriminologie | ||
| LOK | |0 689 |a f |a Lehrbuch | ||
| LOK | |0 689 |a s |a Entwicklung | ||
| LOK | |0 689 |a s |a Kriminalitätstheorien | ||
| LOK | |0 689 |a s |a Kriminalisierungstheorien | ||
| LOK | |0 689 |a s |a Kriminalpolitik | ||
| LOK | |0 852 |a DE-21-110 | ||
| LOK | |0 852 1 |c A I 348 |m p |9 00 | ||
| LOK | |0 936ln |a 1.4 | ||
| LOK | |0 938 |k p | ||
| LOK | |0 939 |a 05-05-06 |b l02 | ||
| ORI | |a SA-MARC-krimdoka001.raw | ||
| SIG | |a IFK: A I 348 | ||
| SIG | |a IFK: A I 348 | ||
| SIG | |a UB: KB 19 A 1950 | ||
| TIM | |a 100019901003_100020261231 |b 1990-10-03 - 2026 | ||
